| 000 | 00684nam a2200217 a 4500 | ||
|---|---|---|---|
| 999 |
_c2837 _d2837 |
||
| 001 | 2837 | ||
| 003 | BD-JhCC | ||
| 005 | 20171107114005.0 | ||
| 008 | 171107s1366 bg a|||| ||a| 000 0 ben d | ||
| 035 | _a(BD-JhCC)2837 | ||
| 040 |
_aBD-JhCC _dBD-JhCC |
||
| 041 | _aben | ||
| 082 |
_a891.4435 _bRAH 1366 |
||
| 100 | _aরহমান, হাবীবুর | ||
| 245 |
_aল্যাজ দিয়ে যায় চেনা / _cহাবীবুর রহমান, |
||
| 260 |
_aঢাকা : _bষ্টুডেন্ট ওয়েজ প্রকাশন, _c1366 |
||
| 300 |
_a84 p. : _c18 cm. |
||
| 650 | _aBengali Short Story | ||
| 942 |
_2ddc _cBK |
||